Name that Netflix Reality Show - Statistics

General Stats
  • This quiz has been taken 11 times
  • The average score is 6 of 20
Answer Stats
Description Show % Correct
People get engaged after only talking behind a wall and never meeting face-to-face. Love is Blind
89%
People create social media profiles and compete to become the most popular. The Circle
78%
People are forbidden from getting steamy while trying to develop romantic relationships Too Hot to Handle
78%
People with autism take on the world of dating and falling in love Love on the Spectrum
67%
Bakers try to fool people into believe their cakes are other objects Is it cake?
56%
Real estate agents try to sell high end properties while navigating personal relationships Selling Sunset
33%
People who failed to find love on other reality shows come on this show for a 2nd chance. Perfect Match
22%
One hundred men and women compete to see who is the most athletic Physical: 100
22%
A group of gay men help local members of the public improve their fashion sense, cooking abilities, and home layout Queer Eye
22%
Couples, in which one partner wants to get married and the other isn't sure, enter into trial marriages with other people to test their connections The Ultimatum: Marry or Move On
22%
People who have never been in a relationship go to a resort to try to find a boyfriend/ girlfriend Better Late Than Single
11%
A group of innovators come up with simple solutions to try to improve the homes of members of the public Hack my Home
11%
A group people are moved into a tv set thinking it's the final audition when in reality they already on the show Insiders
11%
Aspiring rappers compete in rap battles to win 250,000 dollars Rythm + Flow
11%
People dress in crazy costumes and try to form romantic connections Sexy Beasts
11%
People are on a deserted island and must couple up to spend a night at a swanky hotel Singles Inferno
11%
People are forced to sleep in the woods until they are voted in by their fellow competitors Surviving Paradise
11%
Twenty-four chefs from around the world compete for a seat at the table of the world's best chefs The Final Table
11%
People are trapped in a mansion together and must learn to build loyalties with one another with a 250,000-dollar cash prize on the line The Trust
11%
A former actress (and current duchess) talks about her favorite recipes and decorating tips With Love, Meghan
11%
No matching quizzes found
Score Distribution
Percent of People with Each Score
Percentile by Number Answered
Your Score History
You have not taken this quiz